| 000 | 00584nam a2200241Ia 4500 | ||
|---|---|---|---|
| 003 | 0100 | ||
| 008 | 130307s9999 xx 000 0 und d | ||
| 020 | _a0802844448 | ||
| 040 | _cARRUPELIB | ||
| 050 | _aBS2555.2G626 1998 | ||
| 245 | 4 | _aThe gospels for all Christians | |
| 245 | _brethinking the gospel audiences | ||
| 260 | _aGrand Rapids, MI | ||
| 260 | _bWilliam B. Eerdmans | ||
| 260 | _c1998 | ||
| 300 | _avi | ||
| 300 | _b220p. 25cm. | ||
| 650 | _aBIBLE | ||
| 650 | _bCounseling | ||
| 650 | _cPsychotherapy | ||
| 700 | _aBauckham, Riachard (ed.) | ||
| 942 | 0 | 0 | _01 |
| 999 |
_c97114 _d97114 |
||